书目信息 |
| 题名: |
排毒吃什么宜忌速查
|
|
| 作者: | 赵迎昐 编著 | |
| 分册: | ||
| 出版信息: | 北京 中国轻工业出版社 2015 |
|
| 页数: | 255页 | |
| 开本: | 24cm | |
| 丛书名: | ||
| 单 册: | ||
| 中图分类: | R247.1 , TS972.161 | |
| 科图分类: | ||
| 主题词: | 人体--有毒物质--排泄--食物疗法 , 食物疗法--食谱 , 人体 , 食物疗法 , 有毒物质 , 排泄 , 食谱 | |
| 电子资源: | ||
| ISBN: | 978-7-5019-9955-2 | |
| 000 | 00977nam0 2200301 450 | |
| 001 | 1835 | |
| 005 | 20161201142445.73 | |
| 010 | @a978-7-5019-9955-2@dCNY39.80 | |
| 100 | @a20150128d2015 em y0chiy50 ea | |
| 101 | 0 | @achi |
| 102 | @aCN@b110000 | |
| 105 | @aa z 000yy | |
| 200 | 1 | @a排毒吃什么宜忌速查@9pai du chi shen me yi ji su cha@f赵迎昐编著 |
| 210 | @a北京@c中国轻工业出版社@d2015 | |
| 215 | @a255页@c彩照@d24cm | |
| 330 | @a本书讲述了用天然的食材来抵抗毒素的侵蚀,用健康的吃法,将毒素赶出去。内容包括:毒素就在你身边,排毒宜吃不宜吃 主食类,排毒宜吃不宜吃 豆类及豆制品,排毒宜吃不宜吃 蔬菜等。 | |
| 606 | 0 | @a人体@x有毒物质@x排泄@x食物疗法 |
| 606 | 0 | @a食物疗法@x食谱 |
| 606 | 0 | @a人体 |
| 606 | 0 | @a食物疗法 |
| 606 | 0 | @a有毒物质 |
| 606 | 0 | @a排泄 |
| 606 | 0 | @a食谱 |
| 690 | @aR247.1@v5 | |
| 690 | @aTS972.161@v5 | |
| 701 | 0 | @a赵迎昐@9zhao ying fen@4编著 |
| 801 | 0 | @aCN@b大连网信软件有限公司图书馆·11@c20161201 |
| 905 | @aZUCC@dR247.1@e355 | |
| 排毒吃什么宜忌速查/赵迎昐编著.-北京:中国轻工业出版社,2015 |
| 255页:彩照;24cm |
| ISBN 978-7-5019-9955-2:CNY39.80 |
| 本书讲述了用天然的食材来抵抗毒素的侵蚀,用健康的吃法,将毒素赶出去。内容包括:毒素就在你身边,排毒宜吃不宜吃 主食类,排毒宜吃不宜吃 豆类及豆制品,排毒宜吃不宜吃 蔬菜等。 |
| ● |
| 相关链接 |
|
|
|
|
正题名:排毒吃什么宜忌速查
索取号:R247.1/355
 
预约/预借
| 序号 | 登录号 | 条形码 | 馆藏地/架位号 | 状态 | 备注 |
| 1 | 909651 | 209096510 | 第二样本阅览室/ [索取号:R247.1/355] | 在馆 | |
| 2 | 909652 | 209096529 | 第三借阅区/ [索取号:R247.1/355] | 在馆 | |
| 3 | 909653 | 209096538 | 第三借阅区/ [索取号:R247.1/355] | 在馆 | |
| 4 | 909654 | 209096547 | 第三借阅区/ [索取号:R247.1/355] | 在馆 | |
| 5 | 909655 | 209096556 | 第三借阅区/ [索取号:R247.1/355] | 在馆 |